| 000 | 00729nam a2200229 i 4500 | ||
|---|---|---|---|
| 001 | 141143 | ||
| 003 | ES-MaACL | ||
| 005 | 20230906200230.0 | ||
| 007 | t| | ||
| 008 | 070919s1939 sp ||||1| spa d | ||
| 080 | _a17(083.13) | ||
| 100 | 1 |
_aVitoria, Francisco de. _9115517 |
|
| 245 | 1 | 0 |
_aSentencias morales / _cFrancisco de Vitoria ; selección y prólogo del P. Luis G. Getino. |
| 260 |
_a[S.l.] : _bFe, _c1939. |
||
| 300 |
_a234 p. ; _c17 cm. |
||
| 490 | 1 | _aBreviarios del pensamiento español | |
| 650 | 0 | 4 |
_aÉtica- _vMáximas y aforismos. _912582 |
| 700 | 1 |
_aAlonso Getino, Luis G. _920331 |
|
| 830 | 0 |
_aBreviarios del pensamiento español _9180739 |
|
| 852 |
_aES-MaACL _jA-5351 _bR.18459 |
||
| 999 |
_c141143 _d141143 |
||